| 000 | 003360000a22001570004500 | ||
|---|---|---|---|
| 001 | 003175 | ||
| 003 | MACL | ||
| 040 | _aMACL | ||
| 090 |
_c15168 _d15167 |
||
| 100 | _aRamamurty, A | ||
| 245 |
_aIndian Philosophy Of Religion _cA Ramamurty |
||
| 260 |
_aDecent Books, _c2002 |
||
| 350 | _a250 | ||
| 650 | _aReligion | ||
| 942 |
_k291 _cBook |
||
| 999 |
_c15081 _d15081 |
||